000 00594cam a22002057a 4500
999 _c331624
_d331624
001 3680721
003 NUST
005 20171010114435.0
008 920314s1973 pk a 000 0 eng
010 _a 77930630
040 _aDLC
_cDLC
050 0 0 _aMLCS 92/6119 (B)
082 _a954.9123
_bAHM
100 0 _aAhmed, Akbar S.
_95313
245 1 0 _aMansehra :
_ba journey /
_cby Akbar S. Ahmed.
250 _a1st ed.
260 _aLahore :
_bMaktabah Jamal,
_c2012
300 _a55 p. :
_bill. ;
_c18 cm.
880 _6100-01\(3\r
_aاکبرایس احمد
880 _6245-02\(3\r
_aمانسہرہ:
_bتاریخ، لوگ، ثقافت اور سیاحت
_cاکبر ایس احمد، مترجم: بشیر محمود اختر
880 _6260-03\(3\r
_aلاہور:
_bمکتبہ جمال،
_c2012
906 _a7
_bcbc
_corignew
_du
_encip
_f19
_gy-gencatlg
942 _2ddc
_cBK